Guess the sci-fi show by pictures - Statistics

General Stats
  • This quiz has been taken 11 times
  • The average score is 13 of 55
Answer Stats
Hint Answer % Correct
Loki
90%
Lost
90%
The Boys
80%
The last of us
80%
Doctor Who
70%
Star Trek
70%
Stranger things
70%
Buffy
60%
Lucifer
60%
The x-files
60%
Smallville
50%
Supernatural
50%
The 100
50%
Charmed
40%
Severance
40%
Merlin
30%
The handmaid's tale
30%
Umbrella academy
30%
Forever
20%
Fringe
20%
Heroes
20%
Torchwood
20%
Alias
10%
American Horror Story
10%
Black mirror
10%
Dark
10%
From
10%
Paradise
10%
Person of interest
10%
Pluribus
10%
Shadowhunters
10%
Sliders
10%
Stargate SG-1
10%
The rain
10%
The society
10%
Timeless
10%
Warehouse 13
10%
Westworld
10%
ZNation
10%
12 monkeys
0%
Alphas
0%
Continuum
0%
Eureka
0%
Locke and key
0%
Sanctuary
0%
Sense8
0%
The gifted
0%
The OA
0%
The order
0%
The shannara chronicles
0%
The wheel of time
0%
The winchesters
0%
Under the dome
0%
Van Helsing
0%
Wynonna earp
0%
No matching quizzes found
Score Distribution
Percent of People with Each Score
Percentile by Number Answered
Your Score History
You have not taken this quiz